000 00794nam a22001817a 4500
005 20251108164045.0
008 250721s1995 xx 000 0 ara d
082 1 4 _a347.409565/درا
100 1 _aدرادكه، فؤاد صالح موسى
245 1 0 _aالشرط الجزائي ( التعويض الاتفاقي) في القانون المدني الأردني :
_bدراسة مقارنة مع القوانين المدنية في البلاد العربية و بعض القوانين المدنية في البلاد الأوروبية و أحكام الفقه الإسلامي /
264 1 _aعمان :
_bالمؤلف،
_c1995.
300 _a429ص.
650 1 7 _aالقانون المدني
650 1 7 _aالعقود
650 1 7 _aالأردن
942 _2ddc
_cBK
999 _c2515
_d2515